000 00758nam a2200229Ia 4500
008 130821s1999 sp gr spa
020 _a8420634530
040 _aCo-BoUCM
_bspa
041 0 0 _aspa
100 1 _aPushkin, Aleksandr
_d1799-1837.
_9161665
245 1 3 _aLa hija del capitán
_cAleksandr Pushkin; traducción de Ricardo San Vicente
260 _aMadrid (España)
_bAlianza Editorial
_c1999
300 _a201 páginas
490 _aLiteratura
_v5533.
650 0 4 _aLiteratura europea
_926524
650 0 4 _aLiteratura rusa
_918740
650 0 4 _aNovela rusa
_920572
700 1 _aSan VICENTE, Ricardo
_etrad.
_9161648
765 1 0 _tKapitánskaya dochka.
942 _cLIBRO
_a18
_e1
_mP987h
_2DEWEY
_h891.73
999 _c44804
_d44804